000 00528nam a2200193Ia 4500
008 131103s9999 xx 000 0 und d
040 _aLoreto College
041 _aEnglish
082 _a922/PIU
_bLCLIB/
100 _aClonmore, Lord
245 _aPope Pius XI and world peace
_b An authentic biography
_cLord Clonmore
260 _aLondon
_bThe catholic book
_c1938
300 _ax,306p.
_c 22cm.
504 _aIncludes index
650 _aPope Pius XI
651 _aBiography
850 _aLCLIB/922/PIU
942 _cBK
999 _c25403
_d75882